| Tag |
First Indicator |
Second Indicator |
Subfields |
| LEADER |
00000cam a2200000 a 4500 |
| 001 |
in00000780270 |
| 005 |
20151017054309.0 |
| 008 |
820121s1976 sw a bt 00010 swe d |
| 035 |
|
|
|a (OCoLC)08082428
|
| 035 |
|
|
|9 ADL8181AM
|
| 040 |
|
|
|a CBT
|c CBT
|d m/c
|d TXA
|d UtOrBLW
|
| 041 |
0 |
|
|a swe
|b eng
|
| 049 |
1 |
|
|a TXA2
|
| 090 |
|
|
|a TE4
|b .S7 no. 87
|
| 100 |
1 |
|
|a Rosengren, Åke.
|
| 245 |
1 |
0 |
|a Beläggningstekniska faktorers inflytande på det slitage dubbade personbilsdäck åsamkar tät asfaltbetong hab 16 :
|b en faktorstudie i institutets provvägsmaskin /
|c av Åke Rosengren och Matts Hansson.
|
| 264 |
|
1 |
|a Linköping, Sweden :
|b Statens väg- och trafikinstitut,
|c 1976.
|
| 300 |
|
|
|a ii, 100 leaves :
|b illustrations ;
|c 32 cm.
|
| 336 |
|
|
|a text
|b txt
|2 rdacontent
|
| 337 |
|
|
|a unmediated
|b n
|2 rdamedia
|
| 338 |
|
|
|a volume
|b nc
|2 rdacarrier
|
| 490 |
1 |
|
|a VTI (Statens väg- och trafikinstitut) ;
|v no. 87
|
| 504 |
|
|
|a Includes bibliographical references.
|
| 650 |
|
0 |
|a Studded tires
|x Testing.
|
| 700 |
1 |
|
|a Hansson, Mats.
|
| 710 |
2 |
|
|a Statens väg- och trafikinstitut.
|
| 830 |
|
0 |
|a VTI (Statens väg- och trafikinstitut) ;
|v no. 87.
|
| 999 |
|
|
|a MARS
|
| 999 |
f |
f |
|s 05b17f89-47d6-32a4-b276-145ef89e00de
|i 4b3a30e9-5a23-36a6-8d81-c7d39f647f81
|t 0
|
| 952 |
f |
f |
|p ric
|a Texas A&M University
|b Rellis Campus
|c Joint Library Facility
|d Remote Storage
|t 0
|e TE4 .S7 no.87
|h Library of Congress classification
|i unmediated -- volume
|m A14812782267
|
| 998 |
f |
f |
|a TE4 .S7 no.87
|t 0
|l Remote Storage
|